000
00257nam a22001097a 4500
082
_a
954.9204 KHA'E
100
_a
KHAN, SAADULLAH BRIG
_9
78889
245
_a
EAST PAKISTAN TO BANGLADESH
260
_a
LAHORE
_b
LAW TIMES
_c
1975
300
_a
2404P
942
_c
BK
999
_c
583952
_d
583952